Superactive iodination reagent on a base of iodine chloride and silver sulfate; Synthesis; № 5

Dettagli Bibliografici
Parent link:Synthesis.— , 1999
№ 5.— 1999.— P. 748-750
Altri autori: Chaikovski V. K., Kharlova T. S., Filimonov V. D. Viktor Dmitrievich, Saryucheva T. A.
Riassunto:After reaction of ICl and Ag2SO4 in sulfuric acid and separation of resulting AgCl a stable solution is formed, containing very active forms of electrophilic iodine. This solution has a powerful iodination ability with respect to aromatic compounds. Deactivated arenes are iodinated easily and in mild conditions by action of this new reagent in generally good yields of the iodoarenes.
В фонде НТБ ТПУ отсутствует
Lingua:inglese
Pubblicazione: 1999
Soggetti:
Natura: MixedMaterials Capitolo di libro
KOHA link:https://koha.lib.tpu.ru/cgi-bin/koha/opac-detail.pl?biblionumber=596230

MARC

LEADER 00000naa0a2200000 4500
001 596230
005 20250331134146.0
035 |a (RuTPU)RU\TPU\tpu\18351 
090 |a 596230 
100 |a 20101026d1999 k||y0rusy50 ba 
101 0 |a eng 
102 |a DE 
200 1 |a Superactive iodination reagent on a base of iodine chloride and silver sulfate  |f V. K. Chaikovski [et al.] 
330 |a After reaction of ICl and Ag2SO4 in sulfuric acid and separation of resulting AgCl a stable solution is formed, containing very active forms of electrophilic iodine. This solution has a powerful iodination ability with respect to aromatic compounds. Deactivated arenes are iodinated easily and in mild conditions by action of this new reagent in generally good yields of the iodoarenes. 
333 |a В фонде НТБ ТПУ отсутствует 
461 |t Synthesis  |d 1999 
463 |t № 5  |v P. 748-750  |d 1999 
610 1 |a труды учёных ТПУ 
701 1 |a Chaikovski  |b V. K.  |4 070 
701 1 |a Kharlova  |b T. S.  |4 070 
701 1 |a Filimonov  |b V. D.  |c Russian chemist  |c Professor of the TPU  |f 1945-  |g Viktor Dmitrievich  |3 (RuTPU)RU\TPU\pers\26423  |4 070  |9 12127 
701 1 |a Saryucheva  |b T. A.  |4 070 
801 1 |a RU  |b 63413507  |c 20101026 
801 2 |a RU  |b 63413507  |c 20140131  |g RCR 
942 |c CR